000 00801nam a22002177a 4500
999 _c4911
_d4911
003 AR-CdUCM
008 190311b ||||| |||| 00| 0 spa d
040 _aMUNICIPALIDAD PROVINCIAL DEL CUSCO
_cBIBLIOTECA MUNICIPAL DEL CUSCO
082 _a869.56 /
_bR81
100 _aAlejandro Romualdo
_98995
245 _aDesde abajo :
_bMar de fondo. España elemental. Poesía concreta /
260 _aLima :
_bEdiciones Tawantinsuyu,
_c1951.
300 _a130 páginas ;
_c19 cm.
500 _aDonación familia Luis Nieto
505 _aContenido: Fondo común -- Mar del fondo -- Fe de vida -- Tierra firme -- Sagrada familia -- Mar vivo -- Modo imperativo..
650 _aPoesías peruanas
_91481
650 _aSiglo XX
_98
650 _aEspaña elemental
_915087
942 _2ddc
_cLIBROS
945 _adavv